000 00674nam a2200301Ia 4500
005 20260401122454.0
008 008 250103s9999 xx 000 0 eng d
020 _a9780198752325
037 _aTB
040 _aEDL
040 _beng
040 _cEDL
041 _2eng
041 _aeng
084 _a808.3LOT
084 _qEDL
100 _aLothe, Jakob
_91233729
245 0 _aNarrative in fiction and film : An introduction
245 0 _cLothe, Jakob
260 _aOxford
260 _bOxford University Press
260 _c2000
300 _a253p
942 _cTB
942 _h808.3LOT
999 _c1847506
_d1847506